000 00333nam a22001457a 4500
020 _a978-0-357-03379-1
082 _a658.8
100 _aPride, William M.
245 _aMarketing
250 _a20th
260 _aBoston:
_bCengage Learning,
_c2020.
300 _axxvii, 692p.: ill.; 28cm
700 _aFerrell, O. C.
942 _cBK
999 _c22127
_d22127